| 000 | 01192cam a2200265 4500 | ||
|---|---|---|---|
| 008 | 021021n2002 000 0 eng u | ||
| 020 | _a1872423949 | ||
| 035 | _a(Sirsi) u120182 | ||
| 041 | _aeng. | ||
| 050 |
_a333.33 _c18 |
||
| 100 | _aWagstaff, M. | ||
| 110 |
_aCouncil of Mortgage Lenders _95903 |
||
| 245 | _aFuture developments in home buying and selling | ||
| 260 |
_aLondon _bCML _c2002 |
||
| 300 |
_a58p. _c31cm. |
||
| 350 | _a50 | ||
| 520 | _aAssesses the developments in the home buying and selling industry in the last five years, and considers what future developments there might be over the next few years. Aims to establish whether a compulsory seller's pack would lead to a material change in the industry, and to gauge the impact of market developments on the problems in the current system. | ||
| 650 | _aPROPERTY-RESIDENTIAL PROPERTY-ACQUISITION AND DISPOSAL OF RESIDENTIAL PROPERTY | ||
| 650 | _aPROPERTY-RESIDENTIAL PROPERTY-ACQUISITION AND DISPOSAL OF RESIDENTIAL PROPERTY | ||
| 650 | _aSELLER'S PACK | ||
| 690 | _aPROPERTY-RESIDENTIAL PROPERTY-RESIDENTIAL PROPERTY MARKET | ||
| 700 | _aRobertson, D. | ||
| 710 |
_aSPARK Research _94386 |
||
| 942 | _n0 | ||
| 999 |
_c102500 _d102500 |
||